000 00539nam a2200217Ia 4500
003 OSt
005 20221005123442.0
006 a|||||r|||| 00| 0
007 ta
008 221004b |||||||| |||| 00| 0 eng d
024 _a64979
037 _cTextual
040 _aCRL
_cCRL
_beng
041 _2eng
_aeng
082 _aXxL72w, G1
245 0 _aLetters of John Ramsay Mcculloch to David Ricardo, 1818-1823.
260 _c1931
650 _aECONOMICS
942 _hXxL72w, G1
_cTEXL
_2cc
999 _c1047446
_d1047446